Kỹ thuật chăn nuôi dê, cừu sinh sản
Trình bày một số đặc điểm sinh học và tập tính của dê, cừu. Giới thiệu giống dê, cừu và phương pháp chọn dê, cừu giống, cùng thức ăn, kỹ thuật chăm sóc, nuôi dưỡng, làm chuồng trại, vệ sinh phòng, trị bệnh cho dê, cừu...
Đã lưu trong:
| Format: | Bog |
|---|---|
| Sprog: | Undetermined |
| Udgivet: |
Hà Nội
Nông nghiệp
2014
|
| Fag: | |
| Tags: |
Tilføj Tag
Ingen Tags, Vær først til at tagge denne postø!
|
| Thư viện lưu trữ: | Trung tâm Học liệu Trường Đại học Cần Thơ |
|---|
| LEADER | 00947nam a2200205Ia 4500 | ||
|---|---|---|---|
| 001 | CTU_208926 | ||
| 008 | 210402s9999 xx 000 0 und d | ||
| 020 | |c 29900 | ||
| 082 | |a 636.3 | ||
| 082 | |b K600 | ||
| 245 | 0 | |a Kỹ thuật chăn nuôi dê, cừu sinh sản | |
| 245 | 0 | |c Dự án Khoa học công nghệ Nông nghiệp No.2283 - VIE(SF) | |
| 260 | |a Hà Nội | ||
| 260 | |b Nông nghiệp | ||
| 260 | |c 2014 | ||
| 520 | |a Trình bày một số đặc điểm sinh học và tập tính của dê, cừu. Giới thiệu giống dê, cừu và phương pháp chọn dê, cừu giống, cùng thức ăn, kỹ thuật chăm sóc, nuôi dưỡng, làm chuồng trại, vệ sinh phòng, trị bệnh cho dê, cừu | ||
| 650 | |a Goats,Dê | ||
| 650 | |x Breeding,Chăn nuôi | ||
| 904 | |i Hải | ||
| 980 | |a Trung tâm Học liệu Trường Đại học Cần Thơ | ||